| Tag |
First Indicator |
Second Indicator |
Subfields |
| LEADER |
00000cam a2200000 a 4500 |
| 001 |
in00000007188 |
| 005 |
20151005050047.0 |
| 008 |
870812s1987 nyua b 10010 eng |
| 010 |
|
|
|a 87070701
|
| 035 |
|
|
|a (OCoLC)16307358
|
| 035 |
|
|
|9 AAA1662AM
|
| 040 |
|
|
|a DLC
|c DLC
|d TXA
|d UtOrBLW
|
| 049 |
|
|
|a TXAM
|c [A12543451]
|
| 050 |
0 |
0 |
|a TA357
|b .A85 1987
|
| 082 |
0 |
|
|a 620.1/06/0285435
|2 19
|
| 111 |
2 |
|
|a ASME Applied Mechanics, Bioengineering, and Fluids Engineering Conference
|d (1987 :
|c Cincinnati, Ohio)
|
| 245 |
1 |
0 |
|a Applications of parallel processing in fluid mechanics :
|b presented at the 1987 ASME Applied Mechanics, Bioengineering, and Fluids Engineering Conference, Cincinnati, Ohio, June 14-17, 1987 /
|c sponsored by the Fluids Engineering Division, ASME ; edited by Oktay Baysal.
|
| 264 |
|
1 |
|a New York, N.Y. (345 E. 47th St., New York 10017) :
|b American Society of Mechanical Engineers,
|c [1987]
|
| 264 |
|
4 |
|c ©1987
|
| 300 |
|
|
|a v, 92 pages :
|b illustrations ;
|c 28 cm.
|
| 336 |
|
|
|a text
|b txt
|2 rdacontent
|
| 337 |
|
|
|a unmediated
|b n
|2 rdamedia
|
| 338 |
|
|
|a volume
|b nc
|2 rdacarrier
|
| 490 |
1 |
|
|a FED ;
|v vol. 47
|
| 504 |
|
|
|a Includes bibliographies.
|
| 650 |
|
0 |
|a Fluid mechanics
|x Data processing
|v Congresses.
|
| 650 |
|
0 |
|a Parallel processing (Electronic computers)
|v Congresses.
|
| 700 |
1 |
|
|a Baysal, Oktay.
|
| 710 |
2 |
|
|a American Society of Mechanical Engineers.
|b Fluids Engineering Division.
|
| 830 |
|
0 |
|a FED (Series) ;
|v vol. 47.
|
| 999 |
|
|
|a MARS
|
| 999 |
f |
f |
|s a7a6f56e-e980-3125-a37e-d650ce811d35
|i c40a0d04-cde9-3478-b0bb-e2ff91660e5b
|t 0
|
| 952 |
f |
f |
|p ric
|a Texas A&M University
|b Rellis Campus
|c Joint Library Facility
|d Remote Storage
|t 0
|e TA357 .A85 1987
|h Library of Congress classification
|i unmediated -- volume
|m A14812543451
|
| 998 |
f |
f |
|a TA357 .A85 1987
|t 0
|l Remote Storage
|